000 00841nam a2200253Ia 4500
003 OSt
005 20220918170402.0
006 a|||||r|||| 00| 0
007 ta
008 220917b |||||||| |||| 00| 0 eng d
020 _a9780199491452 (hbk)
_cINR 1195.00
024 _a352,851
037 _bIN3466/2019-20, 24/02/2020, R. K. Books
_cTextual
040 _aARTS
_cARTS
_beng
041 _2eng
_aeng
082 _aY217.237, Q9
100 _aSabita Singh Au.
_928751
245 0 _aPolitics of marriage in medieval India
_b gender and alliance in Rajasthan
260 _aNew Delhi
_bOxford University Press India
_c2019
300 _axxvii,291p.
_ccm.
650 _aMARRIAGE; SOCIOLOGY
_928752
942 _hY217.237, Q9
_cTEXL
_2CC
999 _c133923
_d133923